000 00613nam a2200205Ii 4500
003 JO-AjNU
008 230605s9999||||xx |||||||||||||| ||und||
040 _aJO-AjNU
_bara
_erda
_cJO-AjNU
041 _aara
050 1 4 _aBP88.Q85.1978
100 3 _aقطب، محمد,
_eauthor
_941199
245 0 0 _aشبهات حول الإسلام
250 _aط11
264 3 1 _aبيروت-القاهرة:دار الشروق ،1978
300 _a223ص
336 _atext
_btxt
_2rdacontent
337 _aunmediated
_bn
_2rdamedia
338 _avolume
_bnc
_2rdacarrier
650 4 _aالاسلام-دفع مطاعن
_941200
999 _aA17546
_c21114
_d21114